Statistics for 大阪府の鉄道(Osaka Metro除く)

Click here to take the quiz!

General Stats

  • This quiz has been taken 54 times
  • The average score is 246 of 430

Answer Stats

HintAnswer% Correct
JRおおさか東線 | JR神戸線大阪
94%
高槻
92%
京橋
90%
JR大阪環状線 | JR阪和線天王寺
90%
吹田
90%
新大阪
90%
茨木
88%
西九条
88%
88%
鶴橋
88%
86%
大阪城公園
86%
福島
86%
今宮
86%
新今宮
86%
桜島
86%
JR京都線島本
86%
阪急京都本線 | 阪急宝塚本線 | 阪急神戸線 | 阪神本線梅田
86%
関西空港
84%
84%
天満
84%
りんくうタウン
84%
三国
84%
84%
堺市
84%
三国ヶ丘
84%
日根野
84%
弁天町
82%
摂津富田
82%
桜ノ宮
82%
北千里
82%
野田
82%
南海本線難波
82%
大正
82%
芦原橋
82%
近鉄難波線 | 阪神なんば線大阪難波
82%
近鉄大阪線 | 近鉄奈良線大阪上本町
82%
安治川口
82%
ユニバーサルシティ
82%
東淀川
82%
JR大和路線JR難波
82%
JR総持寺
82%
十三
80%
淡路
80%
森ノ宮
80%
東部市場前
80%
桃谷
80%
塚本
80%
久宝寺
80%
天下茶屋
80%
放出
80%
中津
78%
茨木市
78%
高槻市
78%
京阪中之島線中之島
78%
東羽衣
78%
千里丘
78%
千里中央
78%
寺田町
78%
河内長野
76%
近鉄南大阪線大阪阿部野橋
76%
岸辺
73%
石橋
73%
中百舌鳥
73%
北大阪急行南北線江坂
73%
枚方市
73%
柏原
73%
京阪本線淀屋橋
73%
道明寺
73%
玉造
73%
私市
73%
泉佐野
73%
大阪城北詰
73%
富田
71%
羽衣
71%
高井田
71%
美章園
71%
東岸和田
71%
岸和田
71%
柴島
71%
箕面
71%
布施
69%
阪急千里線天神橋筋六丁目
69%
百舌鳥
69%
総持寺
69%
近鉄けいはんな線長田
69%
北新地
69%
豊中
69%
御幣島
69%
古市
69%
加美
69%
JR淡路
69%
大阪天満宮
67%
ドーム前
67%
近鉄日本橋
67%
新福島
67%
和泉中央
67%
八尾
67%
高師浜
67%
和泉府中
67%
平野
67%
浅香
67%
貝塚
67%
九条
67%
天満橋
67%
河内磐船
67%
守口市
67%
桃山台
67%
桜川
67%
緑地公園
67%
関大前
65%
河内堅上
65%
交野市
65%
樟葉
65%
海老江
65%
鴫野
65%
石切
65%
岸里玉出
65%
正雀
65%
新加美
65%
衣摺加美北
65%
住吉
63%
門真市
63%
今宮戎
63%
南千里
63%
萱島
63%
寝屋川市
63%
枚方公園
63%
北浜
63%
多奈川
63%
みさき公園
63%
南茨木
63%
杉本町
63%
加島
63%
高井田中央
63%
新石切
63%
東花園
63%
星田
63%
熊取
63%
長居
63%
JR野江
63%
南方
61%
富田林
61%
山田
61%
野江
61%
徳庵
61%
住道
61%
住吉大社
61%
汐見橋
61%
堺東
61%
JR学研都市線長尾
61%
神崎川
61%
滝井
59%
関目
59%
土居
59%
寝屋川公園
59%
和泉砂川
59%
なにわ橋
59%
今里
59%
河内永和
59%
俊徳道
59%
四条畷
59%
上新庄
59%
深井
59%
池田
59%
栂・美木多
59%
水間観音
59%
信貴山口
59%
JR俊徳道
59%
下新庄
57%
淀川
57%
河内森
57%
大阪教育大前
57%
河内花園
57%
金剛
57%
妙見口
57%
和泉鳥取
57%
志紀
57%
大江橋
57%
蛍池
57%
北野田
57%
近鉄八尾
57%
南田辺
55%
曽根
55%
千林
55%
河内山本
55%
水無瀬
55%
河内小阪
55%
我孫子町
55%
伝法
55%
大阪狭山市
55%
光明池
55%
天王寺駅前
55%
河内松原
55%
渡辺橋
55%
JR河内永和
55%
鴻池新田
53%
新今宮駅前
53%
河内天美
53%
香里園
53%
山中渓
53%
摂津市
53%
城北公園通
53%
服部天神
53%
河堀口
53%
瓢箪山
53%
藤井寺
53%
津久野
53%
伽羅橋
51%
白鷺
51%
高石
51%
庄内
51%
百舌鳥八幡
51%
帝塚山
51%
春木
51%
萩ノ茶屋
51%
浜寺公園
51%
千鳥橋
51%
若江岩田
51%
芦原町
51%
崇禅寺
51%
JR長瀬
51%
尾崎
49%
西天下茶屋
49%
深日港
49%
泉ケ丘
49%
津田
49%
住之江
49%
千早口
49%
上野芝
49%
長瀬
49%
姫島
49%
東貝塚
49%
長滝
49%
千里山
49%
北信太
49%
東佐野
49%
信太山
49%
相川
47%
千代田
47%
高安
47%
上牧
47%
三日市町
47%
出来島
47%
枚岡
47%
柏原南口
47%
野崎
47%
久米田
47%
忍ケ丘
47%
額田
47%
富木
47%
大和田
47%
狭山
47%
岡町
45%
荒本
45%
吉田
45%
羽倉崎
45%
八戸ノ里
45%
七道
45%
針中野
45%
富田林西口
45%
新家
45%
北田辺
45%
孝子
45%
川西
45%
深日町
45%
牧落
45%
浜寺駅前
45%
森小路
45%
阿倍野
45%
桜井
43%
蛸地蔵
43%
今川
43%
43%
千船
43%
阪堺電車恵美須町
43%
河内国分
43%
石津
43%
弥刀
43%
木津川
43%
久宝寺口
43%
浅香山
43%
津守
43%
豊津
43%
下松
43%
矢田
41%
藤阪
41%
粉浜
41%
石津川
41%
滝谷
41%
住吉東
41%
西三荘
41%
箱作
41%
淡輪
41%
和泉橋本
41%
堅下
39%
天見
39%
安堂
39%
ときわ台
39%
鳥取ノ荘
39%
喜志
39%
滝谷不動
39%
土師ノ里
37%
我孫子前
37%
美加の台
37%
二色浜
37%
服部川
37%
古川橋
37%
萩原天神
37%
清児
35%
恩智
35%
初芝
35%
北助松
35%
光善寺
35%
能勢電鉄妙見線光風台
35%
鶴ケ岡
35%
御殿山
35%
牧野
35%
宮之阪
35%
法善寺
35%
忠岡
35%
諏訪ノ森
33%
恵我ノ荘
33%
郡津
33%
樽井
33%
布忍
31%
村野
31%
星ケ丘
31%
鶴原
31%
井原里
31%
沢ノ町
31%
帝塚山三丁目
29%
貝塚市役所前
29%
上ノ太子
29%
汐ノ宮
29%
高鷲
29%
我孫子道
29%
大和川
27%
松虫
27%
東天下茶屋
27%
吉見ノ里
27%
和泉大宮
27%
松ノ浜
24%
高見ノ里
24%
駒ヶ谷
24%
今池
24%
住吉鳥居前
24%
安立町
22%
大小路
22%
宿院
22%
姫松
22%
北畠
22%
三ツ松
22%
三ケ山口
22%
帝塚山四丁目
22%
岡田浦
20%
花田口
20%
東湊
20%
石津北
20%
今船
20%
石才
18%
近義の里
18%
天神ノ森
18%
東玉出
18%
北天下茶屋
18%
聖天坂
18%
東粉浜
18%
神ノ木
16%
名越
16%
御陵前
14%
寺地町
14%
神明町
14%
高須神社
14%
細井川
14%
塚西
14%
船尾
12%
綾ノ町
12%
松田町
12%
妙国寺前
10%

Score Distribution

Percentile by Number Answered

Percent of People with Each Score

Your Score History

You have not taken this quiz